00533cam a22001217a 4500008004000000082002100040100005200061245018900113260005000302300001000352500002400362700002500386180718b1968 xxu||||| |||| 00| 0 eng d aB706x42 Un3/RS/3 aRoyal Commission on Local Government in England aRoyal Commission on Local Government in England: research studies 3, economics of scale in local government services by the Institute of Social and Economic Research University of York aLondonbHer Majesty's Stationery Officec1968 a44+p. aChairman: John Maud aMaud, John, Chairman